| 000 | 01903nam a22004097a 4500 | ||
|---|---|---|---|
| 999 |
_c44429 _d44429 |
||
| 001 | 17935 | ||
| 003 | CO-MdFUSB | ||
| 005 | 20240531062738.0 | ||
| 008 | 170712t2010 s ||||| |||| 00| 0 s d | ||
| 020 | _a978-84-9945-137-4 | ||
| 040 |
_aCO-MdFUSB _bspa _cCO-MdFUSB _dCO-MdFUSBC _erda |
||
| 041 | _aspa | ||
| 082 | 0 | 4 | _aG 221.042 V935o |
| 100 | 1 |
_aVoltaggio, Francesco Giosuè 1974- _eautor |
|
| 245 | 1 | 3 |
_aLa oración de los padres y las madres de Israel _b : investigación en el Targum del pentateuco: la antigua tradición judía y los orígenes del cristianismo _c / Francesco Giosuè Voltaggio |
| 264 | 4 |
_aEstella, Navarra : _b Verbo Divino, _c©2010 |
|
| 300 | _a564 p. 24 cm | ||
| 336 |
_2rdacontent _a1 _ba1 |
||
| 337 |
_2rdamedia _a2 _b5 |
||
| 338 |
_2rdacarrier _a2 _b5 |
||
| 500 | _aIncluye índice analítico del Antiguo Testamento, Nuevo Testamento, Targum, Qumrán, Misnah, Tosefta y Tamud, Misdarim, Apócrifos del AT y del NT, Filón de Alejandría y Flavio Josefo, Autores y escritos de la antigüedad cristiana | ||
| 505 | 0 | 0 | _aLos tres horizontes (Torah oral, liturgia y Nuevo Testamento) y el método -- Abraham y Sara -- Isaac y Rebeca -- Jacob, Lía, Raquel -- Expresiones, formas y concepciones relativas a la oración de los padres y madres en el tragum del Pentateuco en el contexto de la tradición. |
| 650 | 7 |
_aOración _986 |
|
| 650 | 7 |
_aDios _xEnseñanza bíblica _2 _9323 |
|
| 650 | 7 |
_aCristianismo _2 _922 |
|
| 650 | 0 |
_aBiblia _bPentateuco _931 |
|
| 650 | 7 |
_aJudaísmo _2 _96881 |
|
| 650 | 7 |
_aJudaísmo _xCostumbres y prácticas _2 _96882 |
|
| 653 | _aBiblia A.T. - Oración | ||
| 653 | _aCristianismo - Historia antigua - Oración | ||
| 653 | _aTargum - Pentateuco | ||
| 653 | _aTargum - Tradición judía antigua - Oración | ||
| 653 | _aJudaísmo - Oración | ||
| 653 | _aBiblia y tradición - Oración | ||
| 653 | _aPatriarcas bíblicos | ||
| 942 | _cBK | ||